000 00239nam a22000977a 4500
008 131127t xxu||||| |||| 00| 0 eng d
020 _a978-0-85404-654-6
245 _aNucleic Acids
_bin chemistry and biology
300 _aBook
942 _2ddc
_cBK
999 _c16553
_d16553